000
00204nam a2200109Ia 4500
100
_a
#N/A
942
_c
BK
654
_a
maya 6
245
_a
Maya 6 Personal Learning
260
_b
#N/A
546
_a
ENGLISH
999
_c
34078
_d
34078